Govt. of
Madhya Pradesh

Role of Media in Women Empowerment (Record no. 65401)

MARC details
000 -LEADER
fixed length control field 00272nam a22001097a 4500
082 ## - DEWEY DECIMAL CLASSIFICATION NUMBER
Classification number 070/CHO
100 ## - MAIN ENTRY--AUTHOR NAME
Personal name Choudhary,S.K.
245 ## - TITLE STATEMENT
Title Role of Media in Women Empowerment
260 ## - PUBLICATION, DISTRIBUTION, ETC. (IMPRINT)
Place of publication Delhi
Name of publisher Rupa Publication
Year of publication 2017
650 ## - SUBJECT ADDED ENTRY--TOPICAL TERM
Topical Term Journallism
942 ## - ADDED ENTRY ELEMENTS (KOHA)
Koha item type Books
Holdings
Withdrawn status Lost status Damaged status Not for loan Home library Current library Date acquired Cost, normal purchase price Full call number Accession Number Price effective from Koha item type
        MACL MACL 13/10/2022 975.00 070/CHO CRE040121 13/10/2022 Books